Statistics for Pacific Countries and Territories

Click here to take the quiz!

General Stats

  • This quiz has been taken 752 times
    (750 since last reset)
  • The average score is 45 of 65

Answer Stats

Hint Answer % Correct
Sovereign nationAustralia
95%
New Zealand
95%
Fiji
94%
Japan
92%
Indonesia
92%
Samoa
91%
China
90%
Tuvalu
90%
Marshall Islands
90%
Solomon Islands
89%
Papua New Guinea
89%
Vanuatu
89%
Malaysia
89%
Vietnam
88%
USA
88%
Palau
88%
Tonga
87%
Micronesia
87%
Canada
87%
Kiribati
87%
Nauru
87%
South Korea
87%
Taiwan
86%
North Korea
86%
Chile
86%
Russia
85%
Mexico
85%
Panama
84%
Philippines
84%
Ecuador
84%
Peru
83%
Cambodia
82%
Singapore
82%
Thailand
82%
Nicaragua
81%
Guatemala
81%
El Salvador
81%
Costa Rica
81%
Colombia
80%
East Timor
79%
Guam
78%
Brunei
76%
Honduras
76%
French CountryFrench Polynesia
65%
Chilean TerritoryEaster Island
62%
US TerritoriesAmerican Samoa
59%
New Zealand TerritoriesCook Islands
58%
French CollectiveNew Caledonia
58%
Niue
51%
British TerritoryPitcairn Islands
45%
Chinese TerritoriesHong Kong
42%
Macau
38%
Northern Marianas
37%
Norfolk Island
35%
Midway Atoll
32%
Tokelau
30%
French TerritoryWallis & Futuna
28%
Wake Island
24%
Baker Island
17%
Johnston Atoll
16%
Australian TerritoriesCoral Sea Islands
14%
Howland Island
14%
Jarvis Island
14%
Palmyra Island
14%
Kingman Reef
9%

Score Distribution

Percentile by Number Answered

Percent of People with Each Score

Your Score History

You have not taken this quiz since the last reset